000 00817cab a2200289 4500
001 ABS51379
008 090401t1994 xxu||||| |||| 00| 0 eng d
035 _a(Sirsi) u24001
041 _aeng
245 _aEstates Times survey: Cheshire
260 _c1994
350 _a0
490 _aEstates Times
_v(1249( 16 September 1994, 19-25(7)
650 _aCHESHIRE
650 _aCHESTER
650 _aCREWE
650 _aINDUSTRIAL MARKET
650 _aM56
650 _aM6
650 _aMACCLESFIELD
650 _aPROPERTY-COMMERCIAL PROPERTY-OFFICE PROPERTY-OFFICE PROPERTY MARKET
650 _aPROPERTY-COMMERCIAL PROPERTY-RETAIL PROPERTY-RETAIL PROPERTY MARKET
650 _aWARRINGTON
690 _aPROPERTY-COMMERCIAL PROPERTY-COMMERCIAL PROPERTY MARKET
942 _n0
948 _c04/03/1997
999 _c16072
_d16072